Sports Quiz

Random Sports or Football Quiz

Liverpool Football Club Managers Quiz Stats

 Plays Quiz not verified by Sporcle

Challenge
Share
Tweet
Embed
Score 0/20 Timer 08:00
1 Play Today
Year % Correct
2012Brendan Rodgers
96.2%
2004Rafael Benitez
93.7%
2015Jürgen Klopp
92%
1985Kenny Dalglish
92%
2011Kenny Dalglish
92%
1959Bill Shankly
89%
2010Roy Hodgson
87.8%
1974Bob Paisley
85.2%
1998Gérard Houllier
81.4%
1994Roy Evans
73.8%
Year % Correct
1991Graeme Souness
73.4%
1983Joe Fagan
64.6%
1991Ronnie Moran
37.6%
1956Phil Taylor
15.2%
1951Don Welsh
11.4%
1892John McKenna
11%
1936George Kay
10.1%
1896Tom Watson
8.9%
1923Matt McQueen
8%
1919David Ashworth
7.6%

You're not logged in!

Compare scores with friends on all Sporcle quizzes.
OR
Log In

You Might Also Like...

Show Comments

Extras

Top Quizzes Today


Score Distribution

Your Account Isn't Verified!

In order to create a playlist on Sporcle, you need to verify the email address you used during registration. Go to your Sporcle Settings to finish the process.

Report this User

Report this user for behavior that violates our Community Guidelines.

Details: